000 01130nam a22002175i 4500
001 163337
003 ES-MaACL
005 20250821063102.0
008 990310s1885 sp ad |||| | spa d
100 1 _aRepullés y Vargas, Enrique María,
_d1845-1922
_996277
245 1 0 _aEfectos de los terremotos de Andalucía en los edificios y medios de aminorarlos /
_cpor el arquitecto del Ministerio de Fomento Don Enrique María Repullés y Vargas.
260 _aMadrid :
_b[s.n.],
_c1885 (
_fImp. de Fortanet)
300 _a32 p., [1] h. pleg. de lám. ;
_c19 cm.
530 _aDisponible en formato digital.
599 _aLám.: "Proyectos de casas económicas para lo pueblos arruinados por los terremotos"
650 4 _aTerremotos-
_zAndalucía-
_yS.XIX.
_917487
650 4 _aEdificios-
_xEfectos de los terremotos.
_9153906
852 4 _aES-MaACL
_jT-575-F-5
_z- Enc. hol., conservando la enc. original
_z- Ded. del autor al presidente de la Sección de Ciencias del Ateneo de Madrid
856 4 _uhttp://hdl.handle.net/10481/7945
_zRepositorio Institucional de la Universidad de Granada
999 _c163337
_d163337